| 000 | 00653nam a2200181Ia 4500 | ||
|---|---|---|---|
| 008 | 151018s9999 xx 000 0 und d | ||
| 082 |
_bRBASDV4105 _a370 |
||
| 100 | _aबी वि काळे | ||
| 245 | _aराष्ट्रीय शिक्षणाचा ध्यास | ||
| 250 | _b1 | ||
| 260 |
_bवोरा अड कंपनी _c1959 |
||
| 300 | _a32 | ||
| 600 | _aबी वि काळे | ||
| 630 | _aराष्ट्रीय शिक्षणाचा ध्यास | ||
| 700 | _aबी वि काळे | ||
| 730 | _aराष्ट्रीय शिक्षणाचा ध्यास | ||
| 942 | _cBOOK | ||
| 999 |
_c1006506 _d1006503 |
||